| 000 | 00492nam a22001817a 4500 | ||
|---|---|---|---|
| 005 | 20250429164303.0 | ||
| 010 | _aENG-144125 | ||
| 020 |
_a9788195345366 _c1500.00 |
||
| 035 | _aEN-127657 | ||
| 037 | _bDBAD | ||
| 082 |
_a370.115 _21 |
||
| 245 |
_aEducation Society and Livelihood _cApurba Ranjan Dutta |
||
| 260 |
_aAssam _bMohendra Nath Bora _c2024 |
||
| 270 |
_aGolaghat _bAssam |
||
| 300 |
_axv,431p _c21 cm(Pb) |
||
| 760 | _b1 | ||
| 942 |
_2ddc _cEN _h370.115 _mDUT _e1 |
||
| 999 |
_c210424 _d210424 |
||